Bordering Large Countries III Quiz Stats

Quiz not verified by Sporcle

Challenge
Share
Tweet
Embed
Score 0/70 Timer 06:00
0 Plays Today
% Correct
Brazil
97.9%
Sudan
97.7%
Argentina
97.5%
India
97.3%
Peru
96.9%
Sudan
96.7%
India
96.6%
Peru
96.3%
Brazil
96.2%
Argentina
96.2%
Libya
95.6%
China
95.4%
Kenya
95.4%
Mali
95.2%
Eritrea
94.9%
Colombia
94.9%
Niger
94.6%
South Africa
94.6%
Somalia
94.6%
Kenya
94.3%
Chile
94.3%
Afghanistan
93.9%
Paraguay
93.8%
South Africa
93.7%
Zimbabwe
93.5%
Zambia
93.4%
Thailand
93.3%
Chad
92.9%
Bolivia
92.8%
Zimbabwe
92.6%
Democratic Republic of the Congo
92.5%
Zambia
92.4%
Botswana
92.4%
Mozambique
92.2%
Tanzania
92.1%
% Correct
Israel
91.9%
Angola
91.9%
Iran
91.8%
Botswana
91.8%
Mozambique
91.8%
Greece
91.6%
Djibouti
91.5%
Angola
91.4%
Laos
91.1%
Zambia
90.8%
Algeria
90.7%
Democratic Republic of the Congo
90.7%
Malawi
90.7%
Bangladesh
90.4%
Cameroon
90.4%
Uganda
90.2%
Tanzania
90.2%
Malawi
90.2%
Armenia
90%
Syria
89.6%
Guyana
89.4%
Rwanda
88.7%
Malawi
88.3%
Georgia
88.1%
Senegal
88.1%
Burundi
87.7%
Iraq
87.5%
Benin
85.9%
Swaziland
85.4%
Bulgaria
85.4%
Morocco
81.8%
Azerbaijan
81.6%
Namibia
80.9%
China
76.4%
Iran
74.9%

You're not logged in!

Compare scores with friends on all Sporcle quizzes.
Sign Up with Email
OR
Log In

You Might Also Like...

Show Comments

Extras

Top Quizzes Today


Score Distribution

Your Account Isn't Verified!

In order to create a playlist on Sporcle, you need to verify the email address you used during registration. Go to your Sporcle Settings to finish the process.